000 00736nam a22002297a 4500
005 20170124110004.0
010 _aA-996551
020 _c00.00
_a8170997305
035 _aA-996551
037 _bCen Lib/Ret
040 _aDPL
_bEN
082 _a351.001
_bSHA
100 _aSharma, R.D.
_916481
245 _aAdministrative systems of developing societies /
_cby R.D. Sharma
260 _aNew Delhi
_bMittal Publications
_c2000
270 _bNew Delhi
_aA-110, mohan garden
_e110059
300 _aviii, 172p.
_c21cm(Hb)
500 _aIncludes appendix, bibliographical references and index
650 _aPolitical science
_916482
650 _aPublic administration
_94733
942 _2ddc
_cEN
_h351.001
_mSHA
999 _c126068
_d126068